how many things do you know about Jude Bellingham - Statistics

General Stats
  • This quiz has been taken 571 times
    388 since last reset
  • The average score is 8 of 11
Answer Stats
question Answer % Correct
how old is he 20
97%
what club does he play in real madrid
94%
in what year is he born 2003
93%
in which country he played in world cup 2022 England
83%
what number is on his t-shirt 5
76%
when is Jude Bellingham's birthday 29 june
70%
what is his full name jude victor william bellingham
70%
what was hes previos club borussia dortmund
69%
what position he plays as midfielder
61%
how tall is he 1,86 cm
54%
where is he from united kingdom,stourbridge
3%
No matching quizzes found
Score Distribution
Percent of People with Each Score
Percentile by Number Answered
Your Score History
You have not taken this quiz since the last reset